Top 10 des boissons les plus consommées en France - Statistiques

Statistiques générales
  • Ce quiz a été pris 197 fois
  • Le résultat moyen est 5 sur 10
Statistiques - réponses
Réponse % Correct
Eau
93%
Vin
80%
Bière
75%
Sodas
74%
Café
66%
Thé
63%
Lait
51%
Jus de fruits
29%
Boisson énergisante
7%
Eau aromatisée
1%
Aucun quiz correspondant
Distribution des résultats
% des personnes avec chaque résultat
Percentile par nombre de réponses
Votre historique - résultats
Vous n’avez pas pris ce quiz